| 000 | 01215nam a2200361 4500 | ||
|---|---|---|---|
| 001 | 21491 | ||
| 003 | VRT | ||
| 005 | 20260302143237.0 | ||
| 008 | 220210s2020 xo g 000 f slo d | ||
| 020 |
_a9788056906279 _q(viazané) |
||
| 035 | _aa000700298 | ||
| 039 | 9 |
_a202204120923 _bizakovicm _c202204071355 _dschiebea _c202202101022 _dhlavenkova _c202202101018 _dhlavenkova |
|
| 040 |
_aTVZK _bslo _cTVZK _dUKB _erda |
||
| 041 | 0 | _aslo | |
| 044 |
_axo _cSK |
||
| 072 | 7 |
_a821.162.4-3 _xSlovenská próza _2konspekt |
|
| 080 |
_a821.162.4-31 _22011 |
||
| 080 |
_a(0:82-31) _22011 |
||
| 100 | 1 |
_aHavranová, Ivana, _d1952- _4aut |
|
| 245 | 1 | 0 |
_aPodvodníkova žena _cIvana Havranová |
| 250 | _a1. vydanie | ||
| 264 | 1 |
_aBratislava _bMarenčin PT _c2020 |
|
| 300 |
_a174 strán, 1 nečíslovaná strana _c22 cm |
||
| 336 |
_atext _btxt _2rdacontent |
||
| 337 |
_abez média _bn _2rdamedia |
||
| 338 |
_azväzok _bnc _2rdacarrier |
||
| 655 | 7 |
_aslovenské romány _2UKBPH |
|
| 655 | 7 |
_aromány pre ženy _2UKBPH |
|
| 942 |
_2ddc _cKLDO _n0 |
||
| 949 |
_61800860705 _aSJ.D.29193 _bPV.2022-988 |
||
| 949 |
_61800860706 _aSK.D.97574 _bPV.2022-989 _s6707:20220429 |
||
| 980 | _aMarenčin PT, s.r.o., Jelenia 6, 811 05 Bratislava | ||
| 999 |
_c21491 _d21491 |
||